00450nam a2200181Ia 450000500170000000800410001702000180005804100080007608200150008410000150009924500220011425000110013626000410014730000090018850000280019765000280022570000150025320251122103222.0230125s9999 xx 000 0 und d a9788184953770 aeng a158.1bBEC aBeckwith B aThe Answer is You aEd.1st c2012bJaico Publishing HouseaMumbai a105p aPersonality Development aPersonality Development aBeckwith B